LDR 01372naa#a2200181#i#450# 001 RU\INFRA-M\bibl\109230 005 20260602215551.2 011 ## _a1998-0744 100 ## _a20260429b2026####ek#y0rusy0150####ca 102 ## _aRU 200 1# _aОсобенности совершенствования скоростно-силовых способностей квалифицированных боксёров посредством увеличения объёмов тренировочной нагрузки со скоростно-силовым компонентом в предсоревновательном этапе _eЖурнальная статья 210 1# _aМосква _cОбщество с ограниченной ответственностью «Научно-издательский центр ИНФРА-М» _d2026 215 ## _a3 с. 608 ## _aЖурнальная статья _2local 675 ## _aИскусство. Декоративно-прикладное искусство. Фотография. Музыка. Игры. Спорт. 7 _aЗрелищные искусства. Массовые развлечения. Игры. Спорт. 79 _aОбразование. Воспитание. Обучение. Организация досуга. 37 _z 700 #1 _aАлдарова _gЛ. М. 700 #1 _aХачатурян _gЕ. В. 856 4# _anaukaru.ru _u